Sports Quiz

Random Sports Quiz

Manchester United's Most Expensive Signings Quiz Stats

 Plays Quiz not verified by Sporcle

Challenge
Share
Tweet
Embed
Score 0/15 Timer 04:00
0 Plays Today
Year Player % Correct
2016 - £89mP. Pogba
99.1%
2017 - £75mR. Lukaku
96.4%
2014 - £57.9mA. Di Maria
81.7%
2004 - £25.6mW. Rooney
71.5%
2015 - £36mA. Martial
60.1%
2003 - £16.1mC. Ronaldo
56.5%
2012 - £24mR. Van Persie
50.2%
2013 - £27.5mM. Fellaini
47.8%
Year Player % Correct
2011 - £17mD. De Gea
47.8%
2008 - £30mD. Berbatov
41.9%
2006 - £23.1mM. Carrick
40.8%
2009 - £16mA. Valencia
33.3%
2007 - £26.8mAnderson
27.2%
2010 - £7.4mBebe
16.9%
2005 - £6.2mJi Sung Park
11.7%

You're not logged in!

Compare scores with friends on all Sporcle quizzes.
Join for Free
OR
Log In

You Might Also Like...

Show Comments

Extras

Top Quizzes Today


Score Distribution

Your Account Isn't Verified!

In order to create a playlist on Sporcle, you need to verify the email address you used during registration. Go to your Sporcle Settings to finish the process.

Report this User

Report this user for behavior that violates our Community Guidelines.

Details: